Welcome to CU Library Online Public Access Catalogue (OPAC)

Systematic theology : (Record no. 5867)

MARC details
000 -LEADER
fixed length control field 00582cam a2200193 a 4500
001 - CONTROL NUMBER
control field 634861
005 - DATE AND TIME OF LATEST TRANSACTION
control field 20250520182527.0
008 - FIXED-LENGTH DATA ELEMENTS--GENERAL INFORMATION
fixed length control field 930823s1994 mou b 001 0 eng
020 ## - INTERNATIONAL STANDARD BOOK NUMBER
International Standard Book Number 0882433199
050 00 - LIBRARY OF CONGRESS CALL NUMBER
Classification number BX8762.Z5
Item number S97 1994
082 00 - DEWEY DECIMAL CLASSIFICATION NUMBER
Classification number 230/.994
Edition information 20
245 00 - TITLE STATEMENT
Title Systematic theology :
Remainder of title a Pentecostal perspective /
Statement of responsibility, etc. edited by Stanley M. Horton.
260 ## - PUBLICATION, DISTRIBUTION, ETC.
Place of publication, distribution, etc. Springfield, Mo. :
Name of publisher, distributor, etc. Logion Press,
Date of publication, distribution, etc. c1994.
300 ## - PHYSICAL DESCRIPTION
Extent 704 p. ;
Dimensions 23 cm.
650 #0 - SUBJECT ADDED ENTRY--TOPICAL TERM
Topical term or geographic name entry element Theology, Doctrinal.
650 #0 - SUBJECT ADDED ENTRY--TOPICAL TERM
Topical term or geographic name entry element Pentecostal churches
General subdivision Doctrines.
700 1# - ADDED ENTRY--PERSONAL NAME
Personal name Horton, Stanley M.
942 ## - ADDED ENTRY ELEMENTS (KOHA)
Source of classification or shelving scheme Library of Congress Classification
Koha item type Books
Suppress in OPAC No
999 ## -
-- 5867
-- 5867
Holdings
Withdrawn status Lost status Source of classification or shelving scheme Damaged status Not for loan Collection Home library Current library Shelving location Date acquired Total checkouts Full call number Barcode Date last seen Copy number Price effective from Koha item type
    Library of Congress Classification     Non-fiction Undergraduate Library (Christ Temple) Undergraduate Library (Christ Temple) General stacks 05/20/2025   BX 8762.Z5 SYS ulct00002517 05/20/2025 1 05/20/2025 Books
    Library of Congress Classification     Non-fiction Undergraduate Library (Christ Temple) Undergraduate Library (Christ Temple) General stacks 05/20/2025   BX 8762.Z5 SYS ulct00002518 05/20/2025 2 05/20/2025 Books
© 2023-2024 Copyright: Central University Libraries. All Rights Reserved | Created by: Mahone Tech Office